Le cas Beaubourg : Mécénat d’État et démocratisation de la culture (notice n° 1503887)
[ vue normale ]
| 000 -LEADER | |
|---|---|
| fixed length control field | 01235cam a2200133 4500500 |
| 005 - DATE AND TIME OF LATEST TRANSACTION | |
| control field | 20250921001005.0 |
| 041 ## - LANGUAGE CODE | |
| Language code of text/sound track or separate title | fre |
| 042 ## - AUTHENTICATION CODE | |
| Authentication code | dc |
| 100 10 - MAIN ENTRY--PERSONAL NAME | |
| Personal name | Fleury, Laurent |
| Relator term | author |
| 245 00 - TITLE STATEMENT | |
| Title | Le cas Beaubourg : Mécénat d’État et démocratisation de la culture |
| 260 ## - PUBLICATION, DISTRIBUTION, ETC. | |
| Name of publisher, distributor, etc. | Armand Colin,<br/> |
| Date of publication, distribution, etc. | 2007.<br/> |
| 520 ## - SUMMARY, ETC. | |
| Summary, etc. | Cet ouvrage revient sur une expérience unique, qui aura conjugué le volontarisme présidentiel et l’idéal de démocratisation de la culture. Il en propose une histoire et une sociologie institutionnelles (exploitant une trentaine d’entretiens avec de grands protagonistes: Chaban-Delmas, Messmer, Pierre Boulez, François Mathey, Blaise Gautier, Pontus Hulten, etc.) avant de se tourner vers le public et la manière dont il a reçu et s’est approprié l’expérience.L’auteur éclaire cette articulation spécifique entre politique, institution et pratiques culturelles dont le Centre Pompidou est resté le modèle et s’efforce d’en dégager les grands enseignements, face aux incertitudes qui pèsent aujourd’hui sur le débat culturel et les modalités d’implication de l’État. |
| 856 41 - ELECTRONIC LOCATION AND ACCESS | |
| Uniform Resource Identifier | <a href="https://shs.cairn.info/le-cas-beaubourg--9782200347550?lang=fr&redirect-ssocas=7080">https://shs.cairn.info/le-cas-beaubourg--9782200347550?lang=fr&redirect-ssocas=7080</a> |
Pas d'exemplaire disponible.




Réseaux sociaux